Commonly misspelled words (US English) Quiz Stats

 Plays Quiz not verified by Sporcle

Challenge
Share
Tweet
Embed
Score 0/20 Timer 05:00
0 Plays Today
Definition Word % Correct
What is celebrated in the U.S. on July 4thindependence
94.4%
An orderly list of days and months. calendar
93.5%
Accompanies thunder. lightning
93.1%
Leader of a schoolprincipal
91.8%
One who writes playsplaywright
85.1%
A common household object used to clean carpetsvacuum
84.3%
Flow of beats in music. rhythm
80.4%
The way a word is saidpronunciation
76.7%
Formal permission to do something (such as to drive)license
74.6%
To put apart in sections, groups, etc... To keep apartseparate
72.2%
Definition Word % Correct
Absurd, laughable. ridiculous
69.7%
A noncommissioned officer in the Army, Marines, or Air Force. A police officer. Often nicknamed 'Sarge'sergeant
69.1%
Happening without intent. (adverb)accidentally
66.3%
The work of keeping something in good repairmaintenance
63%
characteristic of the Middle Agesmedieval
61.8%
Pertinent, to the point, relating to the matter at handrelevant
58.6%
A legal decision; criticism; opinionjudgment
49.2%
First; an essential element, etc; fundamental truthprinciple
47.8%
Causing mischiefmischievous
47.7%
Honest; showing care (a '____' objector)conscientious
39.2%

You're not logged in!

Compare scores with friends on all Sporcle quizzes.
Join for Free
OR
Log In

You Might Also Like...

Show Comments

Extras

Top Quizzes Today


Score Distribution

Your Account Isn't Verified!

In order to create a playlist on Sporcle, you need to verify the email address you used during registration. Go to your Sporcle Settings to finish the process.

Report this User

Report this user for behavior that violates our Community Guidelines.

Details: